|
|
|
|
| LEADER |
03417nam a2200697 4500 |
| 001 |
ocn714799135 |
| 003 |
OCoLC |
| 005 |
20170124071852.4 |
| 006 |
m o d |
| 007 |
cr cn||||||||| |
| 008 |
110426s2011 gw ob 001 0 eng d |
| 040 |
|
|
|a DG1
|b eng
|e pn
|c DG1
|d YDXCP
|d OCLCQ
|d OCLCO
|d N$T
|d CDX
|d E7B
|d EBLCP
|d COD
|d UKMGB
|d OCLCF
|d OCLCA
|d OCLCQ
|d NLGGC
|d DEBSZ
|d IDEBK
|d DEBBG
|d OCLCQ
|d COO
|d OCLCQ
|d GrThAP
|
| 016 |
7 |
|
|a 015701908
|2 Uk
|
| 019 |
|
|
|a 759006768
|a 759397379
|a 816865420
|a 839314071
|
| 020 |
|
|
|a 9783527637140
|q (electronic bk.)
|
| 020 |
|
|
|a 3527637141
|q (electronic bk.)
|
| 020 |
|
|
|a 9783527637164
|q (electronic bk.)
|
| 020 |
|
|
|a 3527637168
|q (electronic bk.)
|
| 020 |
|
|
|a 1283283301
|
| 020 |
|
|
|a 9781283283304
|
| 020 |
|
|
|z 9783527325849
|
| 020 |
|
|
|z 3527325840
|
| 024 |
8 |
|
|a 9786613283306
|
| 029 |
1 |
|
|a AU@
|b 000047551125
|
| 029 |
1 |
|
|a DEBBG
|b BV041911940
|
| 029 |
1 |
|
|a DEBSZ
|b 430997167
|
| 029 |
1 |
|
|a DEBSZ
|b 449244016
|
| 029 |
1 |
|
|a NLGGC
|b 338534377
|
| 029 |
1 |
|
|a NZ1
|b 15916512
|
| 029 |
1 |
|
|a DEBBG
|b BV043393023
|
| 035 |
|
|
|a (OCoLC)714799135
|z (OCoLC)759006768
|z (OCoLC)759397379
|z (OCoLC)816865420
|z (OCoLC)839314071
|
| 037 |
|
|
|a 10.1002/9783527637140
|b Wiley InterScience
|n http://www3.interscience.wiley.com
|
| 050 |
|
4 |
|a TP155.7
|b .P76 2011
|
| 072 |
|
7 |
|a SCI
|x 013060
|2 bisacsh
|
| 072 |
|
7 |
|a TEC
|x 009010
|2 bisacsh
|
| 072 |
|
7 |
|a TDCB
|2 bicssc
|
| 082 |
0 |
4 |
|a 660/.28
|2 22
|
| 084 |
|
|
|a 35.00
|2 bcl
|
| 049 |
|
|
|a MAIN
|
| 245 |
0 |
0 |
|a Process understanding :
|b for scale-up and manufacture of active ingredients /
|c edited by Ian Houson.
|
| 264 |
|
1 |
|a Weinheim :
|b Wiley-VCH,
|c [2011]
|
| 264 |
|
4 |
|c ©2011
|
| 300 |
|
|
|a 1 online resource (xviii, 351 pages)
|
| 336 |
|
|
|a text
|b txt
|2 rdacontent
|
| 337 |
|
|
|a computer
|b c
|2 rdamedia
|
| 338 |
|
|
|a online resource
|b cr
|2 rdacarrier
|
| 505 |
0 |
|
|a Quality by Design / Vince McCurdy -- Route and Process Selection / David J Ager -- Critical Stages of Safety Assessment in Process Design and Scale-Up / Stephen Rowe -- Understanding the Reaction / John Atherton, Ian Houson, Mark Talford -- Use of Models to Enhance Process Understanding / Wilfried Hoffmann -- Scale-Up of Chemical Reactions / E Hugh Stitt, Mark J H Simmons -- Process Understanding -- Crystallization / Leroy Cronin, Philip J Kitson, Chick C Wilson -- Key Technologies and Opportunities for Innovation at the Drug Substance-Drug Product Interface / Colm Campbell, Brian Keaveny -- Process Understanding Requirements in Established Manufacture / Dylan Jones -- Plant Design / Mark J Dickson -- Contract Manufacture / Steve Woolley -- Whole Process Design / Paul Sharratt.
|
| 504 |
|
|
|a Includes bibliographical references and index.
|
| 588 |
0 |
|
|a Print version record.
|
| 650 |
|
0 |
|a Chemical processes.
|
| 650 |
|
0 |
|a Chemical process control.
|
| 650 |
|
7 |
|a SCIENCE
|x Chemistry
|x Industrial & Technical.
|2 bisacsh
|
| 650 |
|
7 |
|a TECHNOLOGY & ENGINEERING
|x Chemical & Biochemical.
|2 bisacsh
|
| 650 |
|
7 |
|a Chemical process control.
|2 fast
|0 (OCoLC)fst00853144
|
| 650 |
|
7 |
|a Chemical processes.
|2 fast
|0 (OCoLC)fst00853156
|
| 655 |
|
4 |
|a Electronic books.
|
| 700 |
1 |
|
|a Houson, I. N.
|q (Ian N.)
|
| 710 |
2 |
|
|a Wiley InterScience (Online service)
|
| 776 |
0 |
8 |
|i Print version:
|t Process understanding.
|d Weinheim, Germany : Wiley-VCH, ©2011
|z 9783527325849
|w (OCoLC)730662668
|
| 856 |
4 |
0 |
|u https://doi.org/10.1002/9783527637140
|z Full Text via HEAL-Link
|
| 994 |
|
|
|a 92
|b DG1
|